Catalog

Record Details

Catalog Search



Avenger  Cover Image Book Book

Avenger / William Shatner.

Shatner, William. (Author).

Record details

  • ISBN: 0671551329
  • Physical Description: 370 pages ; 22 cm.
  • Publisher: New York : Pocket Books, 1997.
Subject: Outer space > Fiction.
Genre: Science fiction.
Fantasy fiction.

LDR 00716cam a2200229 a 4500
001116963
003CONS
00520140703082244.0
008950323s1997 nyu 000 1 eng u
020 . ‡a0671551329
035 . ‡a(CPomAG)LMN312154
1001 . ‡aShatner, William.
24510. ‡aAvenger / ‡cWilliam Shatner.
2463 . ‡aStar trek, avenger
260 . ‡aNew York : ‡bPocket Books, ‡c1997.
300 . ‡a370 pages ; ‡c22 cm.
440 0. ‡aStar trek
655 7. ‡aScience fiction. ‡2gsafd
655 7. ‡aFantasy fiction. ‡2gsafd
651 0. ‡aOuter space ‡vFiction.
959 . ‡i32269000515232 ‡lF Sta ‡aAdult - Fiction ‡tHardback ‡g23.00
852 . ‡p32269000515232 ‡jF Sta ‡gAdult - Fiction ‡cHardback ‡y23.00 ‡bSBPL
901 . ‡a116963 ‡bUnknown ‡c116963 ‡tbiblio

Additional Resources